Quizz sur l'Olympique de Marseille🔵⚪️ - Statistiques

Statistiques générales
  • Ce quiz a Ă©tĂ© pris 838 fois
  • Le rĂ©sultat moyen est 12 sur 15
Statistiques - réponses
Question Réponse % Correct
Quel est le plus grand rival historique de l’OM PSG
99%
Quel est le stade officiel de l’OM ? Stade Vélodrome
99%
En quelle année l’OM a-t-il remporté la Ligue des Champions ? 1993
97%
Qui était le président de l’OM lors du sacre en Ligue des Champions en 1993 ? Bernard Tapie
96%
Quel joueur ivoirien a marqué les esprits en une seule saison à l’OM (2003-2004) ? Didier Drogba
95%
Quel joueur marseillais a remporté le Ballon d’Or en 1991 ? Jean-Pierre Papin
94%
Quel joueur a inscrit un but décisif de la tête en finale de la Ligue des Champions 1993 ? Basile Boli
92%
Quel est l’un des groupes de supporters les plus célèbres de l’OM ? South Winners
92%
Quelle est l’année de fondation de l’Olympique de Marseille ? 1899
83%
Qui était l’entraîneur de l’OM lors de la victoire en Ligue des Champions ? Raymond Goethals
75%
Quelle est la nationalité de Lucho González, meneur de jeu emblématique des années 2010 ? Argentine
72%
Combien de fois l’OM a-t-il remporté la Ligue 1 ? 9
66%
En quelle saison l’OM a-t-il été relégué en D2 à cause d’un scandale ? 1993-1994
52%
En 2010, quel club l’OM bat-il pour être sacré champion de France ? Rennes
51%
Quel joueur de l’OM a été élu "Meilleur joueur africain de Ligue 1" en 2022 ? Aucun joueur de l’OM
30%
Aucun quiz correspondant
Distribution des résultats
% des personnes avec chaque résultat
Percentile par nombre de réponses
Votre historique - résultats
Vous n’avez pas pris ce quiz